000
00289nam a2200109Ia 4500
008
190914s9999||||xx |||||||||||||| ||und||
100
_a
Syed Husain Kazmi
245
0
_a
Wajid Ali Shah : Unki Shayree aur Mersiyee
260
_a
Karachi
_b
Shaikh Shoukat Ali
_c
1996
300
_a
397
942
_c
BK
999
_c
9021
_d
9021